[Event "31. DSenEM2019 Gruppe 65+"]
[Site "Radebeul"]
[Date "2019.05.03"]
[Round "8.1"]
[White "Kannenberg, Karl-Heinz"]
[Black "Rotstein, Jefim"]
[Result "0-1"]
[WhiteElo "2169"]
[BlackElo "2326"]
[PlyCount "114"]
[EventDate "2019.??.??"]
[WhiteTeam "SC Kitzingen"]
[BlackTeam "SC Tornado Hochneukirch"]

 1. d4
Nf6 2. Nf3 e6 3. e3 c5 4. c3 b6 5. Bd3 Bb7 6. Nbd2 d5 7. O-O Nbd7 8. Qe2 Be7 9.
e4 dxe4 10. Nxe4 Nxe4 11. Bxe4 Bxe4 12. Qxe4 O-O 13. Qe2 Qc7 14. dxc5 Nxc5 15.
Be3 Bf6 16. Bg5 Bxg5 17. Nxg5 Rad8 18. Rfd1 h6 19. Nf3 a5 20. b3 Rxd1+ 21. Rxd1
Rd8 22. Rd4 Rxd4 23. Nxd4 Qf4 24. Qc2 e5 25. Ne2 Qg5 26. b4 Ne6 27. bxa5 bxa5
28. h3 Nc5 29. Ng3 g6 30. c4 h5 31. Qc3 a4 32. Qa3 e4 33. Nf1 Qe5 34. Qe3 f5
35. g3 Kg7 36. Kg2 Nd3 37. Qa7+ Kh6 38. Qa8 Qf6 39. Ne3 Ne1+ 40. Kh2 h4 41. Qb8
hxg3+ 42. Kxg3 Kh5 43. Qf4 Nd3 44. Nd5 Qd8 45. Qc7 Qh4+ 46. Kg2 Qxf2+ 47. Kh1
Qf1+ 48. Kh2 Qe2+ 49. Kg1 Qd1+ 50. Kh2 Qc2+ 51. Kg1 Qb1+ 52. Kh2 Qxa2+ 53. Kg1
Qb1+ 54. Kh2 Qc2+ 55. Kg1 Qd1+ 56. Kh2 Qe2+ 57. Kg1 Kh4 0-1

[Event "31. DSenEM2019 Gruppe 65+"]
[Site "Radebeul"]
[Date "2019.05.03"]
[Round "8.2"]
[White "Dresen, Ulrich"]
[Black "Werner, Clemens"]
[Result "1-0"]
[WhiteElo "2228"]
[BlackElo "2292"]
[PlyCount "87"]
[EventDate "2019.??.??"]
[WhiteTeam "SF Gerresheim"]
[BlackTeam "SK Ettlingen"]

1. d4 Nf6 2. Nf3 c5 3. e3 cxd4 4. exd4 d5 5. c3 Nc6 6. Bf4 Bf5 7. Nbd2 e6 8.
Qb3 Qc8 9. Be2 Be7 10. O-O O-O 11. a4 Ne4 12. Nxe4 Bxe4 13. Rfe1 Bg6 14. Ne5
Nxe5 15. Bxe5 Rd8 16. a5 Bd6 17. Bxd6 Rxd6 18. Ra4 Rb8 19. Rb4 h6 20. Ra1 Qc7
21. g3 Qe7 22. Bf1 Be4 23. Qd1 Qf6 24. Be2 Rd7 25. f3 Bf5 26. Bd3 Qg6 27. Bxf5
Qxf5 28. Qe2 Re8 29. Re1 Rde7 30. f4 h5 31. Qf2 f6 32. Ra4 Kf7 33. Raa1 h4 34.
Re3 Rh8 35. Rae1 Ree8 36. gxh4 Rh5 37. Qg3 Qh7 38. h3 f5 39. c4 dxc4 40. d5 Rh6
41. h5 Rxh5 42. dxe6+ Kg8 43. Qg2 Re7 44. a6 1-0

[Event "31. DSenEM2019 Gruppe 65+"]
[Site "Radebeul"]
[Date "2019.05.03"]
[Round "8.3"]
[White "Kiefer, Gerhard"]
[Black "Hülsmann, Josef"]
[Result "1/2-1/2"]
[WhiteElo "2279"]
[BlackElo "2215"]
[PlyCount "81"]
[EventDate "2019.??.??"]
[WhiteTeam "SC Emmendingen"]
[BlackTeam "Langenfelder SF"]

 1. e4 e6 2. d4 d5 3. Nc3 Nf6 4. e5 Nfd7 5. f4 c5 6. Nf3 Nc6 7. Be3 a6 8.
Qd2 Be7 9. dxc5 Bxc5 10. O-O-O b5 11. Bxc5 Nxc5 12. Nd4 Bd7 13. Nxc6 Bxc6 14.
Qd4 Qb6 15. g4 b4 16. Ne2 Rb8 17. Bg2 Qa5 18. Kb1 Na4 19. Nc1 Qb6 20. Nb3 Qxd4
21. Nxd4 Bd7 22. f5 Nb6 23. b3 Nc8 24. Rhf1 Na7 25. Rf4 Nb5 26. Nxb5 Bxb5 27.
Rxb4 a5 28. Rf4 g5 29. Rf2 h5 30. fxe6 fxe6 31. Rf6 Ke7 32. Bf1 hxg4 33. Bxb5
Rxb5 34. Rdf1 d4 35. Rf7+ Ke8 36. Ra7 Rxh2 37. Rff7 d3 38. cxd3 Rxe5 39. Rae7+
Kd8 40. Rd7+ Ke8 41. Rde7+ 1/2-1/2

[Event "31. DSenEM2019 Gruppe 65+"]
[Site "Radebeul"]
[Date "2019.05.03"]
[Round "8.4"]
[White "Ackermann, Hans Werner"]
[Black "Juhnke, Juergen"]
[Result "1/2-1/2"]
[WhiteElo "2237"]
[BlackElo "2230"]
[PlyCount "60"]
[EventDate "2019.??.??"]
[WhiteTeam "SC Hansa Dortmund"]
[BlackTeam "HSK Lister Turm"]

1. Nf3 Nf6 2. g3 g6 3. b3 Bg7 4. Bb2 d6 5. d4 O-O 6. Bg2 c5 7. O-O cxd4 8. Nxd4
d5 9. c4 dxc4 10. bxc4 Qb6 11. Qb3 Nfd7 12. e3 e5 13. Nb5 Nc5 14. Qa3 Be6 15.
Nd2 Rd8 16. Rfd1 Nc6 17. Nc3 Rd3 18. Nb3 Nb4 19. Nd5 Bxd5 20. cxd5 Nxb3 21.
axb3 Nc2 22. Qa2 Qxb3 23. Rxd3 Qxd3 24. Rc1 Nb4 25. Qc4 a5 26. Qc7 Nxd5 27.
Qxb7 Rd8 28. Bxd5 Rxd5 29. Qa8+ Rd8 30. Qxa5 e4 1/2-1/2

[Event "31. DSenEM2019 Gruppe 65+"]
[Site "Radebeul"]
[Date "2019.05.03"]
[Round "8.5"]
[White "Prüfer, Friedbert"]
[Black "Syré, Christian"]
[Result "1-0"]
[WhiteElo "2196"]
[BlackElo "2210"]
[PlyCount "73"]
[EventDate "2019.??.??"]
[WhiteTeam "TSG Taucha"]
[BlackTeam "TSG Oberschöneweide"]

 
1. d4 Nf6 2. c4 d6 3. Nc3 Nbd7 4. g3 e5 5. Bg2 c6 6. e4 exd4 7. Qxd4 Qb6 8. Qd2
Nc5 9. Nge2 Qa6 10. O-O Qxc4 11. Nd4 Nd3 12. Nf3 Be7 13. Rd1 Nxc1 14. Raxc1 Qa6
15. h3 O-O 16. Nd4 Qb6 17. g4 h6 18. Kh1 Be6 19. f4 Rad8 20. Bf3 Nh7 21. Nf5
Bxf5 22. gxf5 Bf6 23. Rc2 Rfe8 24. Qg2 Nf8 25. Rcd2 Qc7 26. Ne2 Kh7 27. Ng3 g6
28. Rg1 Qe7 29. Nh5 Bh8 30. Qg3 g5 31. h4 f6 32. hxg5 fxg5 33. fxg5 Qxg5 34.
Qxg5 hxg5 35. Rxg5 Kh6 36. Rg3 Be5 37. Nf4 1-0

[Event "31. DSenEM2019 Gruppe 65+"]
[Site "Radebeul"]
[Date "2019.05.03"]
[Round "8.6"]
[White "Schmidt, Bodo"]
[Black "Hanisch, Friedrich"]
[Result "1/2-1/2"]
[WhiteElo "2313"]
[BlackElo "2095"]
[PlyCount "196"]
[EventDate "2019.??.??"]
[WhiteTeam "SC Siegburg"]
[BlackTeam "SV Altensittenbach"]

1. d4 Nf6 2. Nf3 d5 3. c4 e6 4. Nc3 c6 5. e3 Bd6 6. Qc2 Nbd7 7. Be2 O-O 8. O-O
dxc4 9. Bxc4 e5 10. Rd1 Qe7 11. e4 exd4 12. Nxd4 Ne5 13. Be2 Ng6 14. g3 Bh3 15.
f3 Bc5 16. Be3 Nd5 17. Bf2 Nxc3 18. bxc3 Rae8 19. Re1 h5 20. Bf1 Bxf1 21. Kxf1
Bxd4 22. cxd4 Qd7 23. Qc5 Qh3+ 24. Kg1 Re6 25. Qf5 Qxf5 26. exf5 Rxe1+ 27. Rxe1
Nh8 28. Re7 Rb8 29. d5 cxd5 30. Bxa7 Rc8 31. a4 Rc1+ 32. Kg2 Ra1 33. Rxb7 Rxa4
34. Rd7 Ra5 35. Kh3 f6 36. Bb6 Rb5 37. Rd8+ Kh7 38. Bd4 Nf7 39. Rd7 Ng5+ 40.
Kg2 Kg8 41. f4 Ne4 42. Kh3 Nd2 43. Kh4 Nf3+ 44. Kxh5 Nxd4 45. Kg6 Kf8 46. g4
Nf3 47. Rf7+ Ke8 48. Kxg7 d4 49. Rxf6 Rd5 50. Re6+ Kd7 51. Ra6 Nxh2 52. f6 Nxg4
53. f7 Rf5 54. f8=Q Rxf8 55. Kxf8 d3 56. f5 d2 57. Ra1 Kd6 58. Rd1 Ke5 59. Rxd2
Kxf5 60. Ke7 Ke5 61. Ra2 Ne3 62. Ra5+ Kd4 63. Ke6 Nc4 64. Rd5+ Ke4 65. Rh5 Kd4
66. Rd5+ Kc3 67. Rd8 Ne3 68. Ke5 Nc4+ 69. Kd5 Ne3+ 70. Kc5 Nc2 71. Rd7 Ne3 72.
Rd8 Nc2 73. Rh8 Kd3 74. Rh4 Ne3 75. Rd4+ Ke2 76. Rd8 Kf3 77. Kd4 Kf4 78. Rf8+
Nf5+ 79. Kd5 Kg5 80. Ke5 Ne7 81. Ke4 Ng6 82. Rf1 Ne7 83. Rf7 Ng6 84. Rf5+ Kh6
85. Ra5 Nh4 86. Kf4 Ng6+ 87. Kg4 Ne7 88. Ra7 Nd5 89. Kf5 Ne3+ 90. Kf4 Nd5+ 91.
Ke5 Ne3 92. Ra4 Kg5 93. Ke4 Ng4 94. Ra5+ Kg6 95. Rf5 Nf6+ 96. Ke5 Ng4+ 97. Ke6
Ne3 98. Rf8 Kg5 1/2-1/2

[Event "31. DSenEM2019 Gruppe 65+"]
[Site "Radebeul"]
[Date "2019.05.03"]
[Round "8.7"]
[White "Khanukov, Boris"]
[Black "Beilfuss, Wilfried"]
[Result "1/2-1/2"]
[WhiteElo "2250"]
[BlackElo "2148"]
[PlyCount "81"]
[EventDate "2019.??.??"]
[WhiteTeam "Bahn-SC Wuppertal"]

 1. d4 Nf6 2. c4 e6 3. g3 d5 4. Bg2
dxc4 5. Qa4+ Nbd7 6. Qxc4 a6 7. Nf3 b5 8. Qb3 Bb7 9. O-O c5 10. Be3 cxd4 11.
Bxd4 Bc5 12. Bxc5 Nxc5 13. Qb4 Qb6 14. Nc3 O-O 15. a4 Nd5 16. Nxd5 Bxd5 17. a5
Qa7 18. Rac1 Rac8 19. Rc3 Ne4 20. Rxc8 Rxc8 21. Ne5 Nf6 22. e4 Ba8 23. Rd1 h6
24. h3 Qc7 25. f4 Rd8 26. Rxd8+ Qxd8 27. Kh2 Qc7 28. Ng4 Nxg4+ 29. hxg4 e5 30.
fxe5 Qxe5 31. Qd2 Kh7 32. b4 f6 33. Qe3 Bb7 34. Qf4 Bc8 35. Qxe5 fxe5 36. g5
hxg5 37. Bf1 Kg6 38. Be2 g4 39. Kg1 Kf6 40. Kf2 Ke7 41. Ke3 1/2-1/2

[Event "31. DSenEM2019 Gruppe 65+"]
[Site "Radebeul"]
[Date "2019.05.03"]
[Round "8.8"]
[White "Rahls, Peter"]
[Black "Knaak, Joachim"]
[Result "1-0"]
[WhiteElo "2193"]
[BlackElo "2139"]
[PlyCount "77"]
[EventDate "2019.??.??"]
[WhiteTeam "SK Zehlendorf"]
[BlackTeam "SV Dresden-Leuben"]

1. e4 d6 2. d4 g6 3. Nc3 Bg7 4. g3 Nf6 5. Bg2 O-O 6. Nge2 c5 7. h3 Nc6 8. Be3
cxd4 9. Nxd4 Bd7 10. O-O Ne5 11. Kh2 Rc8 12. Nce2 Qc7 13. b3 b5 14. Qd2 a6 15.
Rac1 Qb8 16. f4 Nc6 17. g4 Ne8 18. Nxc6 Bxc6 19. f5 Qb7 20. Ng3 Nf6 21. Bd4
Nxe4 22. Bxe4 e5 23. Bxc6 Rxc6 24. f6 Rfc8 25. Be3 Bf8 26. Rf2 d5 27. Qxd5 Qc7
28. c4 Ba3 29. Rcc2 Qa5 30. Ne4 Qc7 31. Qd3 Rd8 32. Qe2 Rc8 33. c5 Rd8 34. Rd2
Re6 35. Rxd8+ Qxd8 36. Qd2 Qa8 37. Ng5 Re8 38. Nxf7 Qc6 39. Nd6 1-0

[Event "31. DSenEM2019 Gruppe 65+"]
[Site "Radebeul"]
[Date "2019.05.03"]
[Round "8.9"]
[White "Neumann, Joachim"]
[Black "Szenetra, Werner"]
[Result "1/2-1/2"]
[WhiteElo "2116"]
[BlackElo "2177"]
[PlyCount "52"]
[EventDate "2019.??.??"]
[WhiteTeam "SC Agon Neumünster"]
[BlackTeam "SV Berenbostel"]

 1. c4 d6 2. g3 g6 3. Bg2 Bg7 4. Nc3 Nc6 5. e4 e5 6. Nge2
Nf6 7. Nd5 O-O 8. d3 Nxd5 9. cxd5 Ne7 10. O-O c6 11. dxc6 Nxc6 12. Be3 Be6 13.
Nc3 Qd7 14. Qd2 Bh3 15. Nd5 Bxg2 16. Kxg2 f5 17. f3 Ne7 18. Nxe7+ Qxe7 19. Rac1
Qf7 20. Qa5 f4 21. Bd2 b6 22. Qa4 Rac8 23. Rxc8 Rxc8 24. Rc1 Rd8 25. Qc4 Qxc4
26. dxc4 Kf7 1/2-1/2

[Event "31. DSenEM2019 Gruppe 65+"]
[Site "Radebeul"]
[Date "2019.05.03"]
[Round "8.11"]
[White "Selig, Rainer"]
[Black "Postler, Reinhard"]
[Result "0-1"]
[WhiteElo "2048"]
[BlackElo "2247"]
[PlyCount "106"]
[EventDate "2019.??.??"]
[WhiteTeam "SpV Ebersbach/SA"]
[BlackTeam "TSG Oberschöneweide"]

1. d4 Nf6 2. Nf3 e6 3. c4 d5 4. Nc3 c6 5. e3 Nbd7 6. Be2 Bd6 7. O-O O-O 8. Qc2
Qe7 9. e4 dxe4 10. Nxe4 Nxe4 11. Qxe4 e5 12. dxe5 Nxe5 13. Nxe5 Qxe5 14. Qxe5
Bxe5 15. Rd1 Bf5 16. g4 Bc2 17. Rd2 Be4 18. Bd3 Bf3 19. Be2 Bxe2 20. Rxe2 f6
21. Be3 Rfd8 22. Rae1 Kf7 23. h3 Rd3 24. Kg2 Rad8 25. Bc5 a6 26. Be3 R8d7 27.
Bc5 Rd1 28. Rxd1 Rxd1 29. b3 g5 30. Be3 Ke6 31. Bd2 b5 32. cxb5 axb5 33. f4
gxf4 34. Bxf4 c5 35. Be3 c4 36. bxc4 bxc4 37. Kf3 c3 38. Ke4 Rh1 39. Rg2 Rxh3
40. a4 Rh1 41. Ra2 Rh4 42. Kf3 Kd5 43. Bf4 Bxf4 44. Kxf4 h5 45. a5 Rxg4+ 46.
Kf5 Rg8 47. a6 Ra8 48. Kxf6 h4 49. Kg5 h3 50. Kg4 h2 51. Rxh2 Rxa6 52. Kf3 Kc4
53. Rh8 Re6 0-1

[Event "31. DSenEM2019 Gruppe 65+"]
[Site "Radebeul"]
[Date "2019.05.03"]
[Round "8.12"]
[White "Steingrobe, Udo"]
[Black "Hess, Christian Mathias"]
[Result "0-1"]
[WhiteElo "2056"]
[BlackElo "2246"]
[PlyCount "54"]
[EventDate "2019.??.??"]
[WhiteTeam "Schachfüchse Kempen"]
[BlackTeam "FC ST.Pauli"]

1. d4 d5 2. c4 c6 3. Nf3 Nf6 4. Nc3 dxc4 5. a4 Bf5 6. e3 e6 7. Bxc4 Bb4 8. O-O
O-O 9. Qe2 Nbd7 10. e4 Bg6 11. Bd3 Bh5 12. e5 Nd5 13. Nxd5 cxd5 14. Qe3 h6 15.
h3 f5 16. exf6 Qxf6 17. Bd2 Bxd2 18. Nxd2 e5 19. dxe5 Nxe5 20. Be2 d4 21. Qb3+
Bf7 22. Qxb7 Rab8 23. Qxa7 Rxb2 24. Qxd4 Rd8 25. Qxb2 Nf3+ 26. Bxf3 Qxb2 27.
Rfb1 Qxd2 0-1

[Event "31. DSenEM2019 Gruppe 65+"]
[Site "Radebeul"]
[Date "2019.05.03"]
[Round "8.13"]
[White "Schulz, Wolfgang"]
[Black "Herbrechtsmeier, Christof"]
[Result "0-1"]
[WhiteElo "2048"]
[BlackElo "2204"]
[Annotator "lenovo"]
[PlyCount "64"]
[EventDate "2019.??.??"]
[WhiteTeam "Hamburger SK"]
[BlackTeam "SC Emmendingen"]

1. e4 e5 2. Nf3 Nc6 3. Bb5 a6 4. Ba4 Nf6 5. O-O Be7 6. Re1 b5 7. Bb3 O-O 8. d3
Bb7 9. c3 d5 10. exd5 Nxd5 11. Nxe5 Nxe5 12. Rxe5 Qd7 13. Qf3 Rad8 14. Nd2 c5
15. Ne4 c4 16. Bc2 f5 17. Ng5 Bd6 18. Rxd5 Bxh2+ 19. Kxh2 Bxd5 20. Qh3 h6 21.
dxc4 bxc4 22. Nf3 Qc7+ 23. Qg3 f4 24. Qg6 Rf6  25. Qh7+ Kf7 26. b3 Bxf3
27. gxf3 Qc5 28. Kg2 Qg5+ 29. Kf1 {(=)} Qh5 30. Kg2 Rd5 31. Be4 Rd1 32. Bxf4
Rxa1 0-1

[Event "31. DSenEM2019 Gruppe 65+"]
[Site "Radebeul"]
[Date "2019.05.03"]
[Round "8.14"]
[White "Kierzek, Matthias"]
[Black "Esswein, Karlheinz"]
[Result "1-0"]
[WhiteElo "2196"]
[BlackElo "2077"]
[PlyCount "83"]
[EventDate "2019.??.??"]
[WhiteTeam "SC Fulda"]
[BlackTeam "SK Ludwigshafen"]

1. d4 Nf6 2. c4 e6 3. Nf3 Bb4+ 4. Bd2 a5 5. g3 b6 6. Bg2 Bb7 7. O-O O-O 8. Be3
Be7 9. Nc3 d6 10. Qc2 Nbd7 11. Rad1 Qc8 12. Bf4 Nh5 13. Bc1 f5 14. e4 Ndf6 15.
exf5 exf5 16. d5 Ng4 17. Nd4 Ne5 18. Ne6 Rf7 19. Nb5 c6 20. Nec7 cxd5 21. f4
Ng4 22. Nxa8 Bxa8 23. Qe2 dxc4 24. Bxa8 Qxa8 25. Qxc4 h6 26. Rd3 Ngf6 27. Rc3
d5 28. Qc8+ Qxc8 29. Rxc8+ Kh7 30. Be3 Nd7 31. Bd4 Bf6 32. Re1 Bxd4+ 33. Nxd4
Nhf6 34. Nxf5 Ne4 35. Rc7 Kg6 36. Nd4 h5 37. Nc6 Kf5 38. Nd8 Re7 39. Nc6 Rf7
40. Kg2 g5 41. fxg5 Kxg5 42. Re2 1-0

[Event "31. DSenEM2019 Gruppe 65+"]
[Site "Radebeul"]
[Date "2019.05.03"]
[Round "8.15"]
[White "Waltenberger, Udo"]
[Black "Baum, Bernd"]
[Result "0-1"]
[WhiteElo "1944"]
[BlackElo "2183"]
[PlyCount "36"]
[EventDate "2019.??.??"]
[WhiteTeam "SV Eiche Reichenbrand"]
[BlackTeam "SC Fulda"]

1. d4 Nf6 2. Nf3 e6 3. g3 c5 4. Bg2 cxd4 5. O-O Nc6 6. Nxd4 Qb6 7. e3 d5 8. c4
Bd7 9. cxd5 Nxd5 10. Qb3 Nxd4 11. Qxb6 Ne2+ 12. Kh1 axb6 13. Bd2 Nb4 14. Na3
Nd3 15. Bxb7 Ra7 16. Bf3 Nxb2 17. Nc2 Rc7 18. Ne1 Nc4 0-1

[Event "31. DSenEM2019 Gruppe 65+"]
[Site "Radebeul"]
[Date "2019.05.03"]
[Round "8.16"]
[White "Schulz, Michael"]
[Black "Boeven, Manfred"]
[Result "1-0"]
[WhiteElo "2183"]
[BlackElo "2066"]
[PlyCount "75"]
[EventDate "2019.??.??"]
[WhiteTeam "SC Zitadelle Spandau"]
[BlackTeam "SF Geilenkirchen"]

1. e4 c5 2. Nf3 e6 3. b4 cxb4 4. d4 Nf6 5. Bd3 Be7 6. O-O d6 7. a3 bxa3 8. Nxa3
O-O 9. Nb5 Bd7 10. Nxd6 Bxd6 11. e5 Be7 12. exf6 Bxf6 13. Ne5 Bxe5 14. dxe5 Bc6
15. Qg4 f5 16. exf6 Qxf6 17. Bg5 Qf7 18. Ra3 Nd7 19. Bxh7+ Kxh7 20. Rh3+ Kg8
21. Qh4 Qg6 22. Rg3 Qe4 23. Rg4 Qf5 24. Bh6 Rf7 25. Qg3 Qh7 26. Rh4 Qxc2 27.
Rc1 Qf5 28. Be3 Ne5 29. Bd4 Nd3 30. Rg4 Nxc1 31. Rxg7+ Kf8 32. Rg8+ Ke7 33.
Qc7+ Bd7 34. Bc5+ Kf6 35. Bd4+ e5 36. Qd6+ Qe6 37. Bxe5+ Kf5 38. g4+ 1-0

[Event "31. DSenEM2019 Gruppe 65+"]
[Site "Radebeul"]
[Date "2019.05.03"]
[Round "8.18"]
[White "Rosen, Willy"]
[Black "Sand, Rolf"]
[Result "1/2-1/2"]
[WhiteElo "2178"]
[BlackElo "2024"]
[PlyCount "65"]
[EventDate "2019.??.??"]
[WhiteTeam "SF Essen-Katernberg"]
[BlackTeam "SF Pfullingen"]

1. e4 c5 2. Nc3 d6 3. f4 g6 4. Nf3 Bg7 5. Bb5+ Bd7 6. Bc4 Nc6 7. O-O e6 8. d3
Na5 9. Qe1 Ne7 10. Bd2 Nxc4 11. dxc4 O-O 12. Rd1 a6 13. Be3 Qc7 14. Qh4 f6 15.
g4 Bc6 16. f5 gxf5 17. gxf5 exf5 18. Nd5 Bxd5 19. exd5 Ng6 20. Qg3 Rae8 21. Bf4
Nxf4 22. Qxf4 Re4 23. Qxf5 Rfe8 24. Rde1 Qe7 25. Rxe4 Qxe4 26. Qxe4 Rxe4 27. b3
Bh6 28. Re1 Rxe1+ 29. Nxe1 Kf7 30. Kg2 f5 31. Kf3 Kf6 32. Nd3 Bd2 33. Ke2
1/2-1/2

[Event "31. DSenEM2019 Gruppe 65+"]
[Site "Radebeul"]
[Date "2019.05.03"]
[Round "8.19"]
[White "Westphal, Norbert"]
[Black "Böhm, Erwin"]
[Result "0-1"]
[WhiteElo "2048"]
[BlackElo "2155"]
[Annotator "lenovo"]
[PlyCount "84"]
[EventDate "2019.??.??"]
[WhiteTeam "BSV Chemie Radebeul"]
[BlackTeam "SV Dresden-Leuben"]

1. Nf3 g6 2. d4 Bg7 3. g3 d6 4. Bg2 c6 5. O-O e5 6. dxe5 dxe5 7. Qxd8+ Kxd8 8.
Nbd2 f6 9. a4 {(=)} Nh6 10. a5 Nf7 11. Nc4 Be6 12. Rd1+ Kc7 13. Nb6 Na6 14.
Nxa8+ Rxa8 15. Bd2 Nc5 16. Be3 Nd7 17. Nd2 f5 18. Nb3 Bf8 19. Ra4 Be7 20. f4
Bxb3 21. cxb3 e4 22. Rc4 h5 23. Rcd4 Nf6 24. Rc4 Nd6 25. Rc2 Kd7 26. Bd4 Nd5
27. Bc5 b6 28. Bf2 bxa5 29. Ra1 Bd8 30. Bc5 Bb6 31. Bxb6 axb6 32. Kf2 Nb7 33.
e3 Nd6 34. Bf1 b5 35. Rd2 Kc7 36. Rc1 Kb6 37. Rd4 Nb7 38. Be2 Nc5 39. Rcd1 Rd8
40. b4 axb4 41. Rxb4 Nd3+ 42. Bxd3 Nxb4 0-1

[Event "31. DSenEM2019 Gruppe 65+"]
[Site "Radebeul"]
[Date "2019.05.03"]
[Round "8.20"]
[White "Lutz, Albert"]
[Black "Zunker, Reinhard"]
[Result "1/2-1/2"]
[WhiteElo "2138"]
[BlackElo "2046"]
[PlyCount "32"]
[EventDate "2019.??.??"]
[WhiteTeam "SK Krumbach"]
[BlackTeam "SV Hofheim"]

1. Nf3 Nf6 2. c4 e6 3. g3 d5 4. Bg2 c6 5. b3 Be7 6. O-O O-O 7. Bb2 Re8 8. d4
Nbd7 9. Nc3 Bd6 10. Nh4 dxc4 11. bxc4 e5 12. d5 cxd5 13. cxd5 Nc5 14. e4 Bg4
15. Bf3 Bd7 16. Ng2 b5 1/2-1/2

[Event "31. DSenEM2019 Gruppe 65+"]
[Site "Radebeul"]
[Date "2019.05.03"]
[Round "8.21"]
[White "Scharff, Klaus"]
[Black "Essegern, Kurt"]
[Result "0-1"]
[WhiteElo "1918"]
[BlackElo "2116"]
[Annotator "lenovo"]
[PlyCount "92"]
[EventDate "2019.??.??"]
[WhiteTeam "SV Opladen"]
[BlackTeam "Bad Salzungen"]

 1. Nf3 c5 2. g3 Nc6 3. Bg2 g6 4.
d3 Bg7 5. O-O e5 6. Nbd2 Nge7 7. e4 O-O 8. c3 d6 9. Ne1 Be6 10. f4 Qd7 11. Bf3
Rad8 12. Qe2 b5 13. Ng2 b4 14. Nb1 bxc3 15. bxc3 exf4 16. Nxf4 Nd4 17. Qd1
Nxf3+ 18. Qxf3 Nc6 19. Be3 Ne5 20. Qe2 Bg4 21. Qc2 Qb5 22. a4 Qa6 23. h3 Bc8
24. Rd1 g5 25. Nh5 Bxh3 26. Nxg7 Kxg7 27. d4 Nf3+ 28. Kf2 cxd4 29. cxd4 f5 30.
e5 Qb7 31. d5 Nxe5 32. Bxg5 Qb6+ 33. Ke2 Bg4+ 34. Kf1 Bxd1 35. Qxd1 Rde8 36.
Na3 Ng4 37. Qd2 Qb3 38. Kg2 Re5 39. Bh6+ Nxh6 40. Qg5+ Kf7 41. Qxh6 Qb2+ 42.
Nc2 Qxc2+ 43. Kh3 f4 44. Rf1 Qf5+ 45. g4 Qd3+ 46. Kg2 Re2+ 0-1

[Event "31. DSenEM2019 Gruppe 65+"]
[Site "Radebeul"]
[Date "2019.05.03"]
[Round "8.22"]
[White "Petzold, Hans"]
[Black "Jacob, Helmut"]
[Result "0-1"]
[WhiteElo "2017"]
[BlackElo "2107"]
[Annotator "lenovo"]
[PlyCount "141"]
[EventDate "2019.??.??"]
[WhiteTeam "USV TU Dresden"]
[BlackTeam "SK Ochtrup"]

 1. Nf3 Nf6 2. g3 c5 3. d3 Nc6 4. Bg2 d5 5. Nbd2 e5 6. e4 Be6 7. c3
h6 8. O-O dxe4 9. dxe4 Qd7 10. Qe2 Bd6 11. Rd1 Bc7 12. Nc4 Qe7 13. Nh4 g6 14.
Ne3 Rd8 15. Nd5 Bxd5 16. exd5 Na5 17. c4 b6 18. b3 Nd7 19. Re1 g5 20. Nf5 Qf6
21. Be4 Nb7 22. Bb2 Nd6 23. g4 Nf8 24. Bc2 Nxf5 25. Bxf5 Nd7 26. Bxd7+ Kxd7 27.
Bxe5 Bxe5 28. Qxe5 Qxe5 29. Rxe5 f6 30. Re6 Rdf8 31. Rae1 Rh7 32. Rc6 h5 33. f3
hxg4 34. fxg4 Rh4 35. Rce6 Rxg4+ 36. Kh1 Rf7 37. Re8 Kc7 {(=)} 38. R1e7+ Rxe7
39. Rxe7+ Kb8 40. h3 Rf4 41. Kg1 Rd4 42. Rf7 Rf4 43. Kg2 a6 44. Kg3 b5 45. d6
Kc8 46. Rc7+ Kd8 47. cxb5 axb5 48. Rxc5 b4 49. Rc4 Rf5 50. Rxb4 Rd5 51. Rb6 f5
52. a4 Rd3+ 53. Kg2 Rd2+ 54. Kf3 Rd3+ 55. Kg2 Rd2+ 56. Kf1 Rd3 57. a5 Rxh3 58.
a6 Rh1+ 59. Kg2 Ra1 60. b4 Kd7 61. b5 Ra3 62. Rc6 f4 63. Rc5 g4 64. Rc4 Ra2+
65. Kf1 Ra1+ 66. Ke2 f3+ 67. Ke3 Ra3+ 68. Kf2 Ra2+ 69. Kg3 Rg2+ 70. Kh4 Rd2 71.
Rxg4 {(Zeit)} 0-1

[Event "31. DSenEM2019 Gruppe 65+"]
[Site "Radebeul"]
[Date "2019.05.03"]
[Round "8.23"]
[White "Schumacher, Gottfried"]
[Black "Biller, Helmut"]
[Result "1-0"]
[WhiteElo "2202"]
[BlackElo "2010"]
[PlyCount "49"]
[EventDate "2019.??.??"]
[WhiteTeam "HTC Bad Neuenahr"]
[BlackTeam "SF Frankfurt"]

1. Nf3 d5 2. e3 Nf6 3. c4 e6 4. Nc3 c5 5. d4 Nc6 6. a3 cxd4 7. exd4 dxc4 8.
Bxc4 Be7 9. O-O O-O 10. Re1 b6 11. Bf4 Bb7 12. Ba2 Rc8 13. Qd3 Re8 14. Rad1 Nd5
15. Bc1 Nxc3 16. bxc3 Bf6 17. Bf4 Qd7 18. Ng5 g6 19. Qh3 h5 20. Nxe6 fxe6 21.
Rxe6 Kg7 22. Rxf6 Qxh3 23. Rf7+ Kh8 24. gxh3 Re7 25. Be5+ 1-0

[Event "31. DSenEM2019 Gruppe 65+"]
[Site "Radebeul"]
[Date "2019.05.03"]
[Round "8.24"]
[White "Kahn, Peter"]
[Black "Hassenrück, Helmut"]
[Result "1/2-1/2"]
[WhiteElo "1994"]
[BlackElo "2199"]
[Annotator "lenovo"]
[PlyCount "84"]
[EventDate "2019.??.??"]
[WhiteTeam "Siebenlehner SV"]
[BlackTeam "SG-Gladbeck"]

1. e4 e5 2. Nf3 Nc6 3. Bc4 Nf6 4. d3 Be7 5. O-O O-O 6. c3 d5 7. exd5 Nxd5 8.
Re1 Bg4 9. h3 Bh5 10. Nbd2 Nb6 11. Bb5 Bd6 12. Ne4 f5 13. Bxc6 bxc6 14. Ng3
Bxf3 15. Qxf3 Qd7 16. Qe2 Rae8 17. Bd2 f4 18. Ne4 f3 19. Qf1 fxg2 20. Qxg2 Re6
21. Re3 Nd5 22. Rg3 Nf4 23. Qf1 Rh6 24. Kh2 Rf5 25. Re1 Rfh5 26. Ree3 Be7 27.
Bc1 Bh4 28. Rg1 Kh8 29. Rf3 g5 30. Bd2 Qf5 31. Be3 g4 32. Rxf4 exf4 33. Bd4+
Kg8 34. Rxg4+ Rg6 35. f3 c5 36. Bxc5 Bg3+ 37. Kg1 Rh4 38. Bd4 {(=)} Kf7 39. Qd1
Rhxg4 40. fxg4 Qd5 41. Qf3 c6 42. Kg2 Re6 {(=)} 1/2-1/2

[Event "31. DSenEM2019 Gruppe 65+"]
[Site "Radebeul"]
[Date "2019.05.03"]
[Round "8.25"]
[White "Zschunke, Werner"]
[Black "Partenheimer, Axel"]
[Result "0-1"]
[WhiteElo "2002"]
[BlackElo "2182"]
[Annotator "lenovo"]
[PlyCount "62"]
[EventDate "2019.??.??"]
[WhiteTeam "SK Schweinfurt"]
[BlackTeam "Düsseldorfer SK"]

 1.  c4 c6 2. Nf3 d5 3. b3 Bf5 4. Bb2 e6 5. g3 Nf6 6. Bg2 h6 7. O-O Be7 8. d3 O-O 9.
Nbd2 Bh7 10. Ne5 Nbd7 11. e4 Nxe5 12. Bxe5 dxe4 13. dxe4 Qa5 14. Bf4 Rfd8 15.
Qe2 e5 16. Be3 Bc5 17. Bxc5 Qxc5 18. Rad1 Rd4 19. Nb1 Rad8 20. Nc3 Bg6 21. Kh1
Qa5 22. Rxd4 Rxd4 23. Qe1 Qd8 24. f3 Ne8 25. Qc1 Nc7 26. Rd1 Ne6 27. Rxd4 Qxd4
28. Qe1 Qd3 29. Ne2 Qc2 30. Nc1 Nd4 31. Kg1 Qxc1 0-1

[Event "31. DSenEM2019 Gruppe 65+"]
[Site "Radebeul"]
[Date "2019.05.03"]
[Round "8.26"]
[White "Dobierzin, Olaf"]
[Black "Falk, Thomas"]
[Result "1/2-1/2"]
[WhiteElo "1992"]
[BlackElo "2135"]
[PlyCount "42"]
[EventDate "2019.??.??"]
[WhiteTeam "SG Leipzig"]
[BlackTeam "SV Oberursel"]

1. e4 e5 2. Nf3 Nc6 3. Bb5 a6 4. Ba4 Nf6 5. O-O Be7 6. Re1 b5 7. Bb3 d6 8. c3
O-O 9. h3 Nb8 10. d4 Nbd7 11. Nbd2 Bb7 12. Bc2 Re8 13. Nf1 Bf8 14. Ng3 g6 15.
b3 Bg7 16. d5 Qb8 17. Be3 c6 18. c4 cxd5 19. cxd5 a5 20. a4 b4 21. Bd3 Rc8
1/2-1/2

[Event "31. DSenEM2019 Gruppe 65+"]
[Site "Radebeul"]
[Date "2019.05.03"]
[Round "8.27"]
[White "Lenk, Wolfgang"]
[Black "Wurmb, Peter"]
[Result "1/2-1/2"]
[WhiteElo "2134"]
[BlackElo "1984"]
[PlyCount "68"]
[EventDate "2019.??.??"]
[WhiteTeam "USV TU Dresden"]
[BlackTeam "SK Heidenau"]

1. e4 c5 2. Nf3 e6 3. d4 cxd4 4. Nxd4 Nf6 5. Nc3 d6 6. Be2 Be7 7. O-O O-O 8.
Be3 a6 9. f4 Qc7 10. Bf3 Nc6 11. Kh1 Nxd4 12. Bxd4 e5 13. Be3 exf4 14. Bxf4 Be6
15. Rf2 Qb6 16. Qd2 Rac8 17. Nd1 Ng4 18. Bxg4 Bxg4 19. c3 Bxd1 20. Rxd1 Rcd8
21. Rf3 Qc6 22. Qd5 Qxd5 23. Rxd5 f6 24. Rfd3 Rfe8 25. Kg1 Kf7 26. Kf2 Ke6 27.
g4 Rf8 28. Kf3 Rd7 29. c4 Rc8 30. R3d4 Rdc7 31. b3 Rc6 32. a4 Rd8 33. Be3 Rdc8
34. Rd3 Rf8 1/2-1/2